[Event "Niteroi op 4th"]
[Site "Niteroi"]
[Date "2024.08.28"]
[Round "1"]
[White "Baeta, Marcio Netto"]
[Black "Bessa, Isabela Moreira"]
[Result "1-0"]
[WhiteElo "1919"]
[BlackElo "1800"]
[PlyCount "35"]
[EventDate "2024.08.28"]
[EventType "swiss"]
[EventRounds "7"]
[EventCountry "BRA"]
[SourceTitle "CBM 221 Extra"]
[Source "ChessBase"]
[SourceDate "2024.09.30"]
[SourceVersion "1"]
[SourceVersionDate "2024.09.30"]
[SourceQuality "1"]

1. e4 c6 2. Nc3 d5 3. Qf3 dxe4 4. Nxe4 e6 5. Qg3 Nf6 6. d3 Nxe4 7. dxe4 Nd7 8. Bc4 h6 9. Nf3 b5 10. Bxe6 Qe7 11. Bb3 Qxe4+ 12. Be3 Qe7 13. 0-0 Bb7 14. Qc7 Nc5 15. Qa5 Nxb3 16. axb3 a6 17. Rfe1 Qd6 18. Bc5+ 1-0